LIBRARY & INFORMATION CENTRE, KCAET, TAVANUR

ONLINE PUBLIC ACCESS CATALOGUE (OPAC)

Uncle Tom`s cabin / (Record no. 7820)

MARC details
000 -LEADER
fixed length control field 00474cam a2200193ua 4500
041 ## - LANGUAGE CODE
Language code of text/sound track or separate title eng
082 ## - DEWEY DECIMAL CLASSIFICATION NUMBER
Classification number 823.301
Item number MAR/UN
100 ## - MAIN ENTRY--AUTHOR NAME
Personal name Martin, A.S .
245 00 - TITLE STATEMENT
Title Uncle Tom`s cabin /
260 ## - PUBLICATION, DISTRIBUTION, ETC. (IMPRINT)
Place of publication Calcutta :
Name of publisher Oxford University Press ,
Year of publication 1963.
300 ## - PHYSICAL DESCRIPTION
Number of Pages 138 ; .
700 1# - ADDED ENTRY--PERSONAL NAME
Personal name Stowe, Harriet Beecher .
942 ## - ADDED ENTRY ELEMENTS (KOHA)
Koha item type Books
Holdings
Withdrawn status Lost status Damaged status Home library Current library Date acquired Full call number Accession Number Koha item type
Withdrawn     KAUAET KAUAET 07/04/2012 823.301 11050 Books
Withdrawn     KAUAET Malayalam University 07/04/2012 823.301 4481 Books
free website counter